000
00344nam a2200145Ia 4500
008
240624s9999 xx 000 0 und d
041
_a
eng
082
_a
658.8 BAK
100
_a
BAKER MICHAEL J
245
_a
MARKETING BOOK
250
_a
(7th ed.)
260
_c
2016
_a
London
_b
Routledge
300
_a
xxi, 655 p.; 23 cm.
365
_c
BPS
_b
31
999
_c
30317
_d
30317